000 00499ntaaa2200193 4500
003 01
005 20251027202434.0
008 0714s1973 ag 01
040 _aAR-BaBN
_bspa
_cAR-BaBN
_eaacr
_dRIC
082 _a265.3000 H83
100 _aHoward, Fred D.
_94497
245 _aInterpreting the Lord's Supper
250 _a1 ed.
260 _aNashville :
_bBroadman Press,
_cc1966
300 _a72 p.
500 _aInterpretando La Cena del Señor
650 _aCena del Señor
_9286
942 _cBK
999 _c19343
_d19343